Normal view
MARC view
- Politicians
Entry Topical Term
001 - CONTROL NUMBER
- control field: 4643
003 - CONTROL NUMBER IDENTIFIER
- control field: NUST
005 - DATE AND TIME OF LATEST TRANSACTION
- control field: 20170919120156.0
008 - FIXED-LENGTH DATA ELEMENTS
- fixed length control field: 170919|| aca||aabn | a|a d
040 ## - CATALOGING SOURCE
- Original cataloging agency: NUST
- Transcribing agency: NUST
150 ## - HEADING--TOPICAL TERM
- Topical term or geographic name entry element: Politicians
- Geographic subdivision: Pakistan
- Geographic subdivision: Balochistān
- General subdivision: Biography.
670 ## - SOURCE DATA FOUND
- Source citation: Work cat.: (NUST)0: Bugtī, ʻAzīz Muḥammad, 1949- 4553, Balūcistān, shak̲h̲ṣiyāt ke āʼīnah men̲ /, 1996.
